Movies Quiz

Random Movies or Actor Quiz

'C' Movie Characters Quiz Stats

 Plays Quiz Updated Nov 15, 2018

Challenge
Share
Tweet
Score 0/24 Timer 04:00
1 Play Today
picture name % Correct
Catwoman (Batman Returns)
94.7%
C-3PO (Star Wars)
86.1%
Cruella De Vil (101 Dalmatians)
82.8%
Conan (Conan the Barbarian)
72.6%
Coraline Jones (Coraline)
63.8%
Charlie Kaufman (Adaptation)
63.6%
Carrie White (Carrie)
62.4%
Charles Xavier (X-Men)
58.1%
Clarice Starling (The Silence of the Lambs)
57.1%
The Crow (The Crow)
46.5%
Cher Horowitz (Clueless)
45.3%
Cameron Frye (Ferris Bueller's Day Off)
42.1%
picture name % Correct
Cady Heron (Mean Girls)
41.7%
Clark Griswold (National Lampoon's...)
38.6%
Chief Bromden (One Flew Over the Cuckoo's Nest)
32.5%
Chris Gardner (The Pursuit of Happyness)
32%
Clarence (It's a Wonderful Life)
28.1%
Carl Spackler (Caddyshack)
28%
Curly Washburn (City Slickers)
20.5%
Clementine Kruczynski (Eternal Sunshine...)
18.7%
Cole Sear (The Sixth Sense)
17.3%
Commodus (Gladiator)
17.1%
Cassandra Wong (Wayne's World)
16.8%
Crash Davis (Bull Durham)
14.4%

You're not logged in!

Compare scores with friends on all Sporcle quizzes.
OR
Log In

You Might Also Like...

Show Comments

Extras

Top Quizzes Today


Score Distribution

Your Account Isn't Verified!

In order to create a playlist on Sporcle, you need to verify the email address you used during registration. Go to your Sporcle Settings to finish the process.

Report this User

Report this user for behavior that violates our Community Guidelines.

Details: